Countries in North America - Sudden Death - Statistics

General Stats
  • This quiz has been taken 73 times
  • The average score is 9 of 12
Answers on the Grid
Answers color-coded by a green-red scale on the quiz's grid according to % correct below.
Canada
Barbados
Turkmenistan
Cuba
Mongolia
Marshall Islands
Mexico
Comoros
Nicaragua
Panama
Slovakia
Honduras
Turkey
Colombia
Haiti
Dominican Republic
Bosnia and Herzegovina
Peru
Saint Vincent and the Grenadines
Grenada
Dominica
 
Answer Stats
Answer % Correct
Barbados
89%
Canada
89%
Cuba
89%
Dominican Republic
89%
Mexico
89%
Haiti
78%
Honduras
78%
Dominica
67%
Nicaragua
67%
Panama
67%
Grenada
56%
Saint Vincent and the Grenadines
56%
No matching quizzes found
Score Distribution
Percent of People with Each Score
Percentile by Number Answered
Your Score History
You have not taken this quiz